[Event "Hull 4NCL International"]
[Site "Hull"]
[Date "2021.10.24"]
[Round "4.1"]
[White "Wells, Peter K"]
[Black "Cooper, John G"]
[Result "1-0"]
[WhiteElo "2430"]
[BlackElo "2313"]
[PlyCount "0"]
[EventDate "2021.10.22"]

1. d4 {[%clk 01:27:09]} {[%emt 00:03:46]} d5 {[%clk 01:28:48]} {[%emt
00:02:16]} 2. c4 {[%clk 01:27:24]} {[%emt 00:00:16]} e6 {[%clk 01:29:03]}
{[%emt 00:00:15]} 3. Nf3 {[%clk 01:27:14]} {[%emt 00:00:40]} c5 {[%clk
01:29:06]} {[%emt 00:00:27]} 4. cxd5 {[%clk 01:27:13]} {[%emt 00:00:31]} exd5
{[%clk 01:29:28]} {[%emt 00:00:08]} 5. g3 {[%clk 01:27:23]} {[%emt 00:00:20]}
Nc6 {[%clk 01:29:44]} {[%emt 00:00:14]} 6. Bg2 {[%clk 01:27:49]} {[%emt
00:00:04]} Nf6 {[%clk 01:29:54]} {[%emt 00:00:20]} 7. O-O {[%clk 01:28:12]}
{[%emt 00:00:07]} Be7 {[%clk 01:30:10]} {[%emt 00:00:14]} 8. dxc5 {[%clk
01:27:06]} {[%emt 00:01:36]} Bxc5 {[%clk 01:25:25]} {[%emt 00:05:14]} 9. Qc2
{[%clk 01:25:42]} {[%emt 00:01:54]} Be7 {[%clk 01:18:02]} {[%emt 00:07:53]} 10.
Rd1 {[%clk 01:22:49]} {[%emt 00:03:23]} O-O {[%clk 01:15:07]} {[%emt 00:03:24]}
11. Be3 {[%clk 01:13:18]} {[%emt 00:10:03]} Nb4 {[%clk 01:07:31]} {[%emt
00:08:04]} 12. Qb3 {[%clk 01:08:58]} {[%emt 00:04:51]} a5 {[%clk 01:02:36]}
{[%emt 00:05:25]} 13. Nc3 {[%clk 01:08:48]} {[%emt 00:00:40]} b5 {[%clk
01:01:47]} {[%emt 00:01:18]} 14. Rd2 {[%clk 01:01:21]} {[%emt 00:07:58]} a4
{[%clk 00:52:27]} {[%emt 00:09:50]} 15. Qd1 {[%clk 01:01:18]} {[%emt 00:00:32]}
a3 {[%clk 00:43:03]} {[%emt 00:09:55]} 16. Bd4 {[%clk 00:40:31]} {[%emt
00:21:17]} Qa5 {[%clk 00:37:08]} {[%emt 00:06:25]} 17. Ne5 {[%clk 00:37:01]}
{[%emt 00:04:00]} axb2 {[%clk 00:27:38]} {[%emt 00:10:01]} 18. Rxb2 {[%clk
00:35:54]} {[%emt 00:01:37]} Be6 {[%clk 00:27:33]} {[%emt 00:00:34]} 19. a3
{[%clk 00:31:19]} {[%emt 00:05:05]} Rfc8 {[%clk 00:19:03]} {[%emt 00:09:00]} 20.
Rbb1 {[%clk 00:30:14]} {[%emt 00:01:35]} Nc6 {[%clk 00:17:41]} {[%emt
00:01:51]} 21. Rxb5 {[%clk 00:28:59]} {[%emt 00:01:47]} Qd8 {[%clk 00:16:51]}
{[%emt 00:01:19]} 22. Nxc6 {[%clk 00:24:02]} {[%emt 00:05:27]} Rxc6 {[%clk
00:17:14]} {[%emt 00:00:07]} 23. e4 {[%clk 00:15:20]} {[%emt 00:09:13]} dxe4
{[%clk 00:14:36]} {[%emt 00:03:07]} 24. Nxe4 {[%clk 00:15:42]} {[%emt
00:00:08]} Nd5 {[%clk 00:10:14]} {[%emt 00:04:52]} 25. a4 {[%clk 00:09:36]}
{[%emt 00:06:38]} Rac8 {[%clk 00:10:10]} {[%emt 00:00:33]} 26. a5 {[%clk
00:05:35]} {[%emt 00:04:32]} Nb4 {[%clk 00:07:13]} {[%emt 00:03:26]} 27. h4
{[%clk 00:03:16]} {[%emt 00:02:50]} Bc4 {[%clk 00:04:53]} {[%emt 00:02:50]} 28.
Rb6 {[%clk 00:02:28]} {[%emt 00:01:18]} Bd5 {[%clk 00:04:26]} {[%emt 00:00:56]}
29. Rxc6 {[%clk 00:00:39]} {[%emt 00:02:20]} Rxc6 {[%clk 00:04:37]} {[%emt
00:00:19]} 30. Bb6 {[%clk 00:00:37]} {[%emt 00:00:33]} Qc8 {[%clk 00:04:19]}
{[%emt 00:00:48]} 31. Rb1 {[%clk 00:00:36]} {[%emt 00:00:31]} Qe6 {[%clk
00:03:48]} {[%emt 00:01:00]} 32. Rxb4 {[%clk 00:00:36]} {[%emt 00:00:31]} Bxb4
{[%clk 00:03:50]} {[%emt 00:00:28]} 33. Ng5 {[%clk 00:01:02]} {[%emt 00:00:04]}
Qe8 {[%clk 00:00:40]} {[%emt 00:03:39]} 34. Bxd5 {[%clk 00:01:04]} {[%emt
00:00:28]}  1-0

[Event "Hull 4NCL International"]
[Site "Hull"]
[Date "2021.10.24"]
[Round "4.2"]
[White "Jones, Steven A"]
[Black "Gallana, Marco"]
[Result "1/2-1/2"]
[WhiteElo "2324"]
[BlackElo "2258"]
[PlyCount "0"]
[EventDate "2021.10.22"]

1. e4 {[%clk 01:30:38]} {[%emt 00:00:21]} c5 {[%clk 01:30:48]} {[%emt
00:00:13]} 2. Nf3 {[%clk 01:30:09]} {[%emt 00:01:00]} d6 {[%clk 01:30:58]}
{[%emt 00:00:19]} 3. d4 {[%clk 01:29:42]} {[%emt 00:00:56]} cxd4 {[%clk
01:31:17]} {[%emt 00:00:12]} 4. Nxd4 {[%clk 01:30:09]} {[%emt 00:00:03]} Nf6
{[%clk 01:31:29]} {[%emt 00:00:18]} 5. Nc3 {[%clk 01:30:14]} {[%emt 00:00:25]}
a6 {[%clk 01:31:34]} {[%emt 00:00:25]} 6. f3 {[%clk 01:29:50]} {[%emt
00:00:53]} e5 {[%clk 01:31:22]} {[%emt 00:00:42]} 7. Nb3 {[%clk 01:30:04]}
{[%emt 00:00:17]} Be6 {[%clk 01:30:52]} {[%emt 00:01:00]} 8. Be3 {[%clk
01:29:45]} {[%emt 00:00:49]} h5 {[%clk 01:30:05]} {[%emt 00:01:17]} 9. Qd2
{[%clk 01:28:55]} {[%emt 00:01:21]} Be7 {[%clk 01:28:29]} {[%emt 00:02:06]} 10.
Nd5 {[%clk 01:27:31]} {[%emt 00:01:54]} Nxd5 {[%clk 01:28:40]} {[%emt
00:00:18]} 11. exd5 {[%clk 01:27:55]} {[%emt 00:00:07]} Bf5 {[%clk 01:29:02]}
{[%emt 00:00:08]} 12. c4 {[%clk 01:24:17]} {[%emt 00:04:09]} b6 {[%clk
01:25:46]} {[%emt 00:03:46]} 13. Be2 {[%clk 01:15:18]} {[%emt 00:09:29]} Nd7
{[%clk 01:21:30]} {[%emt 00:04:47]} 14. O-O {[%clk 01:13:28]} {[%emt 00:02:20]}
Bg6 {[%clk 01:20:34]} {[%emt 00:01:25]} 15. f4 {[%clk 01:05:20]} {[%emt
00:08:38]} exf4 {[%clk 01:11:53]} {[%emt 00:09:11]} 16. Bxf4 {[%clk 01:05:06]}
{[%emt 00:00:44]} Ne5 {[%clk 01:11:18]} {[%emt 00:01:05]} 17. Nd4 {[%clk
01:00:58]} {[%emt 00:04:39]} Rc8 {[%clk 01:09:52]} {[%emt 00:01:56]} 18. Rae1
{[%clk 00:57:47]} {[%emt 00:03:42]} Bh4 {[%clk 00:55:55]} {[%emt 00:14:26]} 19.
g3 {[%clk 00:43:17]} {[%emt 00:15:00]} Bf6 {[%clk 00:55:17]} {[%emt 00:01:09]}
20. Nc6 {[%clk 00:42:00]} {[%emt 00:01:46]} Qc7 {[%clk 00:44:38]} {[%emt
00:11:09]} 21. Bxe5 {[%clk 00:33:38]} {[%emt 00:08:52]} dxe5 {[%clk 00:39:54]}
{[%emt 00:05:14]} 22. Bd3 {[%clk 00:23:05]} {[%emt 00:11:03]} Qd6 {[%clk
00:31:01]} {[%emt 00:09:23]} 23. Nxe5 {[%clk 00:18:32]} {[%emt 00:05:04]} Bxe5
{[%clk 00:30:28]} {[%emt 00:01:02]} 24. Rxe5+ {[%clk 00:15:41]} {[%emt
00:03:21]} Kf8 {[%clk 00:30:27]} {[%emt 00:00:31]} 25. Bxg6 {[%clk 00:13:16]}
{[%emt 00:02:55]} Qxg6 {[%clk 00:22:40]} {[%emt 00:08:17]} 26. Ref5 {[%clk
00:12:13]} {[%emt 00:01:34]} h4 {[%clk 00:19:59]} {[%emt 00:03:11]} 27. Qd3
{[%clk 00:09:05]} {[%emt 00:03:38]} Kg8 {[%clk 00:18:51]} {[%emt 00:01:38]} 28.
b3 {[%clk 00:08:11]} {[%emt 00:01:25]} Rh6 {[%clk 00:15:26]} {[%emt 00:03:54]}
29. R5f3 {[%clk 00:08:26]} {[%emt 00:00:15]} Qd6 {[%clk 00:14:00]} {[%emt
00:01:56]} 30. Qf5 {[%clk 00:08:01]} {[%emt 00:00:56]} Rf8 {[%clk 00:13:51]}
{[%emt 00:00:38]} 31. Re1 {[%clk 00:07:32]} {[%emt 00:00:59]} b5 {[%clk
00:13:04]} {[%emt 00:01:17]} 32. Qe5 {[%clk 00:07:09]} {[%emt 00:00:54]} Qb4
{[%clk 00:11:39]} {[%emt 00:01:54]} 33. Re4 {[%clk 00:06:20]} {[%emt 00:01:18]}
bxc4 {[%clk 00:11:22]} {[%emt 00:00:48]} 34. Rxc4 {[%clk 00:05:58]} {[%emt
00:00:52]} Qd2 {[%clk 00:11:31]} {[%emt 00:00:20]} 35. Rxh4 {[%clk 00:05:45]}
{[%emt 00:00:44]} Rxh4 {[%clk 00:08:43]} {[%emt 00:03:18]} 36. gxh4 {[%clk
00:06:10]} {[%emt 00:00:05]} Rd8 {[%clk 00:08:56]} {[%emt 00:00:15]} 37. Rg3
{[%clk 00:03:32]} {[%emt 00:03:10]} Qd1+ {[%clk 00:07:04]} {[%emt 00:02:22]} 38.
Kg2 {[%clk 00:03:53]} {[%emt 00:00:10]} Qd2+ {[%clk 00:05:15]} {[%emt
00:02:19]} 39. Kh3 {[%clk 00:03:54]} {[%emt 00:00:29]} g6 {[%clk 00:05:35]}
{[%emt 00:00:09]} 40. Rc3 {[%clk 00:03:15]} {[%emt 00:01:09]} Qxd5 {[%clk
00:04:22]} {[%emt 00:01:43]} 41. Qxd5 {[%clk 00:03:41]} {[%emt 00:00:05]} Rxd5
{[%clk 00:04:44]} {[%emt 00:00:08]} 42. Rc4 {[%clk 00:02:57]} {[%emt 00:01:15]}
Kg7 {[%clk 00:04:52]} {[%emt 00:00:21]} 43. Kg4 {[%clk 00:02:38]} {[%emt
00:00:49]} Rf5 {[%clk 00:04:36]} {[%emt 00:00:46]} 44. h3 {[%clk 00:01:41]}
{[%emt 00:01:27]} a5 {[%clk 00:04:18]} {[%emt 00:00:48]} 45. Kg3 {[%clk
00:01:07]} {[%emt 00:01:04]} Rd5 {[%clk 00:00:58]} {[%emt 00:03:50]} 46. Kf4
{[%clk 00:01:15]} {[%emt 00:00:22]} Kh6 {[%clk 00:01:12]} {[%emt 00:00:16]} 47.
Rc7 {[%clk 00:01:01]} {[%emt 00:00:44]} Rd2 {[%clk 00:01:03]} {[%emt 00:00:39]}
48. a4 {[%clk 00:00:56]} {[%emt 00:00:36]} Rd4+ {[%clk 00:01:13]} {[%emt
00:00:19]} 49. Kg3 {[%clk 00:01:11]} {[%emt 00:00:16]} Rd3+ {[%clk 00:01:26]}
{[%emt 00:00:17]} 50. Kg2 {[%clk 00:01:14]} {[%emt 00:00:26]}  1/2-1/2

[Event "Hull 4NCL International"]
[Site "Hull"]
[Date "2021.10.24"]
[Round "4.3"]
[White "Ther, Mate"]
[Black "Okhai, Shabir"]
[Result "0-1"]
[WhiteElo "2062"]
[BlackElo "2234"]
[PlyCount "0"]
[EventDate "2021.10.22"]

1. e4 {[%clk 01:30:58]} {[%emt 00:00:02]} e5 {[%clk 01:30:56]} {[%emt
00:00:04]} 2. Nf3 {[%clk 01:30:37]} {[%emt 00:00:52]} Nc6 {[%clk 01:31:20]}
{[%emt 00:00:06]} 3. Nc3 {[%clk 01:31:03]} {[%emt 00:00:03]} Nf6 {[%clk
01:31:45]} {[%emt 00:00:05]} 4. Bb5 {[%clk 01:31:30]} {[%emt 00:00:04]} Bd6
{[%clk 01:32:09]} {[%emt 00:00:05]} 5. d3 {[%clk 01:31:56]} {[%emt 00:00:04]}
a6 {[%clk 01:32:34]} {[%emt 00:00:05]} 6. Ba4 {[%clk 01:32:23]} {[%emt
00:00:03]} h6 {[%clk 01:32:58]} {[%emt 00:00:05]} 7. a3 {[%clk 01:32:50]}
{[%emt 00:00:03]} b5 {[%clk 01:30:22]} {[%emt 00:03:06]} 8. Bb3 {[%clk
01:33:17]} {[%emt 00:00:04]} Bc5 {[%clk 01:29:11]} {[%emt 00:01:40]} 9. Nxe5
{[%clk 01:33:42]} {[%emt 00:00:05]} Nxe5 {[%clk 01:26:23]} {[%emt 00:03:18]} 10.
d4 {[%clk 01:34:09]} {[%emt 00:00:04]} Bxd4 {[%clk 01:21:54]} {[%emt 00:04:59]}
11. Qxd4 {[%clk 01:33:54]} {[%emt 00:00:45]} d6 {[%clk 01:21:19]} {[%emt
00:01:05]} 12. Qe3 {[%clk 01:30:15]} {[%emt 00:04:09]} Bb7 {[%clk 01:16:04]}
{[%emt 00:05:45]} 13. O-O {[%clk 01:27:15]} {[%emt 00:03:30]} O-O {[%clk
01:12:35]} {[%emt 00:03:59]} 14. f4 {[%clk 01:27:00]} {[%emt 00:00:45]} Ng6
{[%clk 01:02:38]} {[%emt 00:10:26]} 15. Qg3 {[%clk 01:26:30]} {[%emt 00:01:00]}
Kh7 {[%clk 01:01:37]} {[%emt 00:01:32]} 16. Re1 {[%clk 01:13:39]} {[%emt
00:13:22]} c5 {[%clk 00:58:38]} {[%emt 00:03:29]} 17. Bd5 {[%clk 01:13:32]}
{[%emt 00:00:37]} Bxd5 {[%clk 00:57:55]} {[%emt 00:01:13]} 18. Nxd5 {[%clk
01:12:39]} {[%emt 00:01:23]} Nxd5 {[%clk 00:57:57]} {[%emt 00:00:28]} 19. exd5
{[%clk 01:12:54]} {[%emt 00:00:15]} Qf6 {[%clk 00:57:57]} {[%emt 00:00:30]} 20.
a4 {[%clk 00:50:12]} {[%emt 00:23:12]} Qd4+ {[%clk 00:55:09]} {[%emt 00:03:18]}
21. Be3 {[%clk 00:49:51]} {[%emt 00:00:50]} Qxb2 {[%clk 00:50:57]} {[%emt
00:04:43]} 22. f5 {[%clk 00:46:18]} {[%emt 00:04:04]} Ne7 {[%clk 00:40:29]}
{[%emt 00:10:57]} 23. Qxd6 {[%clk 00:45:22]} {[%emt 00:01:26]} Nxf5 {[%clk
00:39:54]} {[%emt 00:01:04]} 24. Qxc5 {[%clk 00:45:03]} {[%emt 00:00:49]} Rfc8
{[%clk 00:34:11]} {[%emt 00:06:13]} 25. Qa3 {[%clk 00:21:05]} {[%emt 00:24:29]}
Qxc2 {[%clk 00:33:25]} {[%emt 00:01:15]} 26. Bf2 {[%clk 00:20:27]} {[%emt
00:01:07]} Rc3 {[%clk 00:29:30]} {[%emt 00:04:26]} 27. Qb4 {[%clk 00:18:52]}
{[%emt 00:02:06]} Rc4 {[%clk 00:28:49]} {[%emt 00:01:11]} 28. Qb1 {[%clk
00:19:16]} {[%emt 00:00:06]} b4 {[%clk 00:22:40]} {[%emt 00:06:39]} 29. Rc1
{[%clk 00:11:30]} {[%emt 00:08:16]} Qxb1 {[%clk 00:22:09]} {[%emt 00:01:01]} 30.
Raxb1 {[%clk 00:11:50]} {[%emt 00:00:09]} Rxc1+ {[%clk 00:19:12]} {[%emt
00:03:28]} 31. Rxc1 {[%clk 00:12:13]} {[%emt 00:00:07]} Rd8 {[%clk 00:18:41]}
{[%emt 00:01:00]} 32. Rb1 {[%clk 00:10:27]} {[%emt 00:02:16]} Rxd5 {[%clk
00:18:27]} {[%emt 00:00:44]} 33. g4 {[%clk 00:10:45]} {[%emt 00:00:13]} Nd4
{[%clk 00:16:45]} {[%emt 00:02:12]} 34. Rxb4 {[%clk 00:10:20]} {[%emt
00:00:55]} Ne6 {[%clk 00:16:13]} {[%emt 00:01:01]} 35. Be3 {[%clk 00:10:10]}
{[%emt 00:00:40]} h5 {[%clk 00:14:47]} {[%emt 00:01:56]} 36. h3 {[%clk
00:10:03]} {[%emt 00:00:35]} hxg4 {[%clk 00:14:11]} {[%emt 00:01:09]} 37. hxg4
{[%clk 00:10:27]} {[%emt 00:00:06]} Nc5 {[%clk 00:13:42]} {[%emt 00:00:58]} 38.
Rb6 {[%clk 00:10:07]} {[%emt 00:00:51]} Nxa4 {[%clk 00:12:53]} {[%emt
00:01:19]} 39. Rxa6 {[%clk 00:10:25]} {[%emt 00:00:12]} Nc3 {[%clk 00:12:56]}
{[%emt 00:00:26]} 40. Kg2 {[%clk 00:08:53]} {[%emt 00:02:02]} Rd3 {[%clk
00:12:57]} {[%emt 00:00:29]} 41. Ba7 {[%clk 00:06:37]} {[%emt 00:02:46]} Ne4
{[%clk 00:12:32]} {[%emt 00:00:55]} 42. Bb8 {[%clk 00:06:55]} {[%emt 00:00:13]}
Rb3 {[%clk 00:10:48]} {[%emt 00:02:13]} 43. Bc7 {[%clk 00:07:03]} {[%emt
00:00:21]} Nc5 {[%clk 00:10:42]} {[%emt 00:00:36]} 44. Rc6 {[%clk 00:05:23]}
{[%emt 00:02:10]} Ne6 {[%clk 00:10:54]} {[%emt 00:00:18]} 45. Bg3 {[%clk
00:05:15]} {[%emt 00:00:39]} Kg6 {[%clk 00:10:50]} {[%emt 00:00:34]} 46. Rc4
{[%clk 00:05:23]} {[%emt 00:00:22]} Kg5 {[%clk 00:10:30]} {[%emt 00:00:48]} 47.
Re4 {[%clk 00:05:12]} {[%emt 00:00:42]} Rd3 {[%clk 00:10:06]} {[%emt 00:00:52]}
48. Kh3 {[%clk 00:05:16]} {[%emt 00:00:26]} Kg6 {[%clk 00:10:08]} {[%emt
00:00:31]} 49. Kg2 {[%clk 00:05:16]} {[%emt 00:00:30]} Rd2+ {[%clk 00:10:13]}
{[%emt 00:00:25]} 50. Bf2 {[%clk 00:04:56]} {[%emt 00:00:50]} Nc5 {[%clk
00:09:56]} {[%emt 00:00:44]} 51. Rd4 {[%clk 00:02:07]} {[%emt 00:03:21]} Nd3
{[%clk 00:09:17]} {[%emt 00:01:09]} 52. Kg1 {[%clk 00:02:22]} {[%emt 00:00:16]}
Rd1+ {[%emt 00:00:29]}  0-1

[Event "Hull 4NCL International"]
[Site "Hull"]
[Date "2021.10.24"]
[Round "4.5"]
[White "Hebden, Mark L"]
[Black "Collinson, Mark I"]
[Result "1-0"]
[WhiteElo "2530"]
[BlackElo "2073"]
[PlyCount "0"]
[EventDate "2021.10.22"]

1. d4 {[%clk 01:30:58]} Nf6 {[%clk 01:26:34]} {[%emt 00:04:27]} 2. Bf4 {[%clk
01:30:30]} {[%emt 00:00:57]} g6 {[%clk 01:25:49]} {[%emt 00:01:16]} 3. Nc3
{[%clk 01:30:52]} {[%emt 00:00:08]} d5 {[%clk 01:25:53]} {[%emt 00:00:26]} 4.
e3 {[%clk 01:31:14]} {[%emt 00:00:08]} Bg7 {[%clk 01:26:09]} {[%emt 00:00:13]}
5. h4 {[%clk 01:31:18]} {[%emt 00:00:26]} h5 {[%clk 01:26:23]} {[%emt
00:00:17]} 6. Nf3 {[%clk 01:31:38]} {[%emt 00:00:10]} Bg4 {[%clk 01:25:03]}
{[%emt 00:01:49]} 7. Qd2 {[%clk 01:31:36]} {[%emt 00:00:33]} O-O {[%emt
00:04:34]} 8. Ne5 {[%emt 00:00:18]} c5 {[%clk 01:18:02]} {[%emt 00:02:40]} 9.
f3 {[%clk 01:31:40]} {[%emt 00:00:26]} Bf5 {[%clk 01:14:49]} {[%emt 00:03:43]}
10. dxc5 {[%clk 01:30:18]} {[%emt 00:01:51]} Nc6 {[%clk 01:13:32]} {[%emt
00:01:48]} 11. Bd3 {[%clk 01:26:52]} {[%emt 00:03:56]} Bxd3 {[%clk 01:11:06]}
{[%emt 00:02:55]} 12. Nxc6 {[%clk 01:15:58]} {[%emt 00:11:24]} bxc6 {[%clk
01:11:19]} {[%emt 00:00:17]} 13. cxd3 {[%clk 01:16:23]} {[%emt 00:00:05]} d4
{[%clk 01:10:47]} {[%emt 00:01:02]} 14. exd4 {[%clk 01:15:31]} {[%emt
00:01:22]} Qxd4 {[%clk 01:05:47]} {[%emt 00:05:30]} 15. Be3 {[%clk 01:15:46]}
{[%emt 00:00:15]} Qe5 {[%clk 01:03:55]} {[%emt 00:02:22]} 16. d4 {[%clk
01:15:49]} {[%emt 00:00:28]} Qg3+ {[%clk 01:00:00]} {[%emt 00:04:25]} 17. Qf2
{[%clk 01:15:41]} {[%emt 00:00:37]} Qxf2+ {[%clk 00:59:56]} {[%emt 00:00:34]}
18. Bxf2 {[%clk 01:14:39]} {[%emt 00:01:32]} Rab8 {[%clk 00:59:22]} {[%emt
00:01:05]} 19. O-O-O {[%clk 01:14:44]} {[%emt 00:00:25]} Rfd8 {[%clk 00:58:09]}
{[%emt 00:01:42]} 20. Rhe1 {[%clk 01:14:39]} {[%emt 00:00:36]} e6 {[%clk
00:56:35]} {[%emt 00:02:03]} 21. Kc2 {[%clk 01:14:37]} {[%emt 00:00:32]} a5
{[%clk 00:54:14]} {[%emt 00:02:51]} 22. Rd3 {[%clk 01:13:47]} {[%emt 00:01:19]}
Kf8 {[%clk 00:52:03]} {[%emt 00:02:41]} 23. a3 {[%clk 01:13:25]} {[%emt
00:00:54]} Rb7 {[%clk 00:50:25]} {[%emt 00:02:08]} 24. Bg3 {[%clk 01:11:52]}
{[%emt 00:02:03]} Ne8 {[%clk 00:44:43]} {[%emt 00:06:12]} 25. Red1 {[%clk
01:12:11]} {[%emt 00:00:11]} Bf6 {[%clk 00:43:17]} {[%emt 00:01:56]} 26. Ne4
{[%clk 01:12:10]} {[%emt 00:00:31]} Be7 {[%clk 00:39:17]} {[%emt 00:04:30]} 27.
b3 {[%clk 01:12:21]} {[%emt 00:00:19]} Ng7 {[%clk 00:35:59]} {[%emt 00:03:48]}
28. Be1 {[%clk 01:11:48]} {[%emt 00:01:02]} Ra8 {[%clk 00:32:45]} {[%emt
00:03:44]} 29. Nd2 {[%clk 01:08:09]} {[%emt 00:04:09]} Nf5 {[%clk 00:29:14]}
{[%emt 00:04:01]} 30. g3 {[%clk 01:08:21]} {[%emt 00:00:18]} Rd7 {[%clk
00:26:20]} {[%emt 00:03:23]} 31. Nc4 {[%clk 01:08:19]} {[%emt 00:00:33]} Bd8
{[%clk 00:26:03]} {[%emt 00:00:48]} 32. g4 {[%clk 01:07:16]} {[%emt 00:01:32]}
Ne7 {[%clk 00:25:07]} {[%emt 00:01:26]} 33. Bg3 {[%clk 01:06:15]} {[%emt
00:01:31]} Bc7 {[%clk 00:23:12]} {[%emt 00:02:25]} 34. Bxc7 {[%clk 01:05:09]}
{[%emt 00:01:38]} Rxc7 {[%clk 00:23:39]} {[%emt 00:00:03]} 35. Nb6 {[%clk
01:05:25]} {[%emt 00:00:14]} Raa7 {[%clk 00:22:21]} {[%emt 00:01:48]} 36. Rc3
{[%clk 01:04:21]} {[%emt 00:01:33]} f5 {[%clk 00:19:12]} {[%emt 00:03:40]} 37.
gxh5 {[%clk 01:03:03]} {[%emt 00:01:48]} gxh5 {[%clk 00:18:21]} {[%emt
00:01:20]} 38. Re3 {[%clk 01:01:34]} {[%emt 00:01:59]} Ng6 {[%clk 00:15:39]}
{[%emt 00:03:12]} 39. Rxe6 {[%clk 00:57:54]} {[%emt 00:04:10]} Nxh4 {[%clk
00:15:21]} {[%emt 00:00:48]} 40. d5 {[%clk 00:55:52]} {[%emt 00:02:32]} cxd5
{[%clk 00:15:19]} {[%emt 00:00:32]} 41. Rxd5 {[%clk 00:56:01]} {[%emt
00:00:21]} Nxf3 {[%clk 00:10:54]} {[%emt 00:04:56]} 42. Re3 {[%clk 00:54:28]}
{[%emt 00:02:02]} Nh4 {[%clk 00:10:01]} {[%emt 00:01:22]} 43. Rh3 {[%clk
00:54:22]} {[%emt 00:00:36]} Ng6 {[%clk 00:07:35]} {[%emt 00:02:57]} 44. Rxf5+
{[%clk 00:54:36]} {[%emt 00:00:15]} Ke8 {[%clk 00:06:19]} {[%emt 00:01:45]} 45.
Rhxh5 {[%clk 00:54:05]} {[%emt 00:01:02]} Rg7 {[%clk 00:04:41]} {[%emt
00:02:07]} 46. Nc4 {[%clk 00:47:32]} {[%emt 00:07:03]} a4 {[%clk 00:03:06]}
{[%emt 00:02:06]} 47. b4 {[%clk 00:47:50]} {[%emt 00:00:12]} Rae7 {[%clk
00:03:19]} {[%emt 00:00:17]} 48. Rf2 {[%clk 00:47:03]} {[%emt 00:01:17]} Kd8
{[%clk 00:01:42]} {[%emt 00:02:06]} 49. Rg5 {[%clk 00:44:48]} {[%emt 00:02:45]}
Nh4 {[%clk 00:00:36]} {[%emt 00:01:37]} 50. Rxg7 {[%clk 00:44:10]} {[%emt
00:01:09]} Rxg7 {[%clk 00:01:05]} {[%emt 00:00:01]} 51. Nb6 {[%clk 00:44:23]}
{[%emt 00:00:16]}  1-0

[Event "Hull 4NCL International"]
[Site "Hull"]
[Date "2021.10.24"]
[Round "4.6"]
[White "Ireland, David J"]
[Black "Arkell, Keith C"]
[Result "0-1"]
[WhiteElo "2094"]
[BlackElo "2465"]
[PlyCount "0"]
[EventDate "2021.10.22"]

1. d4 {[%clk 01:09:59]} {[%emt 00:21:00]} Nf6 {[%clk 01:30:47]} {[%emt
00:00:13]} 2. Bg5 {[%clk 01:10:16]} {[%emt 00:00:13]} g6 {[%clk 01:31:06]}
{[%emt 00:00:11]} 3. Bxf6 {[%clk 01:10:10]} {[%emt 00:00:36]} exf6 {[%clk
01:31:30]} {[%emt 00:00:05]} 4. e4 {[%clk 01:09:57]} {[%emt 00:00:43]} d6
{[%clk 01:31:42]} {[%emt 00:00:19]} 5. Bd3 {[%clk 01:09:39]} {[%emt 00:00:48]}
Nc6 {[%clk 01:32:07]} {[%emt 00:00:05]} 6. c3 {[%clk 01:09:24]} {[%emt
00:00:45]} Bg7 {[%clk 01:32:31]} {[%emt 00:00:06]} 7. Nd2 {[%clk 01:08:51]}
{[%emt 00:01:03]} O-O {[%clk 01:32:52]} {[%emt 00:00:09]} 8. Qf3 {[%clk
01:07:05]} {[%emt 00:02:15]} Ne7 {[%clk 01:33:00]} {[%emt 00:00:23]} 9. O-O-O
{[%clk 01:04:37]} {[%emt 00:02:58]} Be6 {[%clk 01:33:10]} {[%emt 00:00:20]} 10.
d5 {[%clk 01:03:06]} {[%emt 00:02:01]} Bd7 {[%clk 01:33:33]} {[%emt 00:00:07]}
11. g4 {[%clk 01:02:02]} {[%emt 00:01:34]} c6 {[%clk 01:33:58]} {[%emt
00:00:06]} 12. h4 {[%clk 01:00:40]} {[%emt 00:01:51]} cxd5 {[%clk 01:31:27]}
{[%emt 00:03:02]} 13. exd5 {[%clk 00:57:24]} {[%emt 00:03:45]} Nxd5 {[%clk
01:16:55]} {[%emt 00:15:02]} 14. Ne2 {[%clk 00:53:53]} {[%emt 00:04:00]} Bc6
{[%clk 01:13:53]} {[%emt 00:03:33]} 15. Be4 {[%clk 00:52:51]} {[%emt 00:01:31]}
Ne7 {[%clk 01:14:01]} {[%emt 00:00:23]} 16. Nd4 {[%clk 00:50:15]} {[%emt
00:03:06]} f5 {[%clk 01:07:04]} {[%emt 00:07:28]} 17. Nxc6 {[%clk 00:40:28]}
{[%emt 00:10:18]} Nxc6 {[%clk 00:56:02]} {[%emt 00:11:32]} 18. gxf5 {[%clk
00:32:37]} {[%emt 00:08:20]} Ne5 {[%clk 00:56:17]} {[%emt 00:00:15]} 19. Qg2
{[%clk 00:30:35]} {[%emt 00:02:31]} Qa5 {[%clk 00:51:44]} {[%emt 00:05:03]} 20.
Kb1 {[%clk 00:30:04]} {[%emt 00:01:02]} Kh8 {[%clk 00:37:12]} {[%emt 00:15:02]}
21. f4 {[%clk 00:25:11]} {[%emt 00:05:22]} gxf5 {[%clk 00:35:32]} {[%emt
00:02:11]} 22. fxe5 {[%clk 00:19:25]} {[%emt 00:06:16]} fxe4 {[%clk 00:35:54]}
{[%emt 00:00:08]} 23. Nxe4 {[%clk 00:18:21]} {[%emt 00:01:33]} Qxe5 {[%clk
00:30:35]} {[%emt 00:05:48]} 24. Nxd6 {[%clk 00:16:54]} {[%emt 00:01:57]} f5
{[%clk 00:26:48]} {[%emt 00:04:18]} 25. h5 {[%clk 00:12:29]} {[%emt 00:04:54]}
Qe6 {[%clk 00:19:04]} {[%emt 00:08:14]} 26. Rhg1 {[%clk 00:10:44]} {[%emt
00:02:15]} Bh6 {[%clk 00:15:50]} {[%emt 00:03:45]} 27. Rge1 {[%clk 00:08:59]}
{[%emt 00:02:15]} Qf6 {[%clk 00:15:47]} {[%emt 00:00:32]} 28. Qd5 {[%clk
00:06:17]} {[%emt 00:03:12]} Bg7 {[%clk 00:05:43]} {[%emt 00:10:35]} 29. Re6
{[%clk 00:05:50]} {[%emt 00:00:57]} Qg5 {[%clk 00:06:04]} {[%emt 00:00:09]} 30.
h6 {[%clk 00:05:16]} {[%emt 00:01:04]} Bxh6 {[%clk 00:05:53]} {[%emt 00:00:40]}
31. Qxb7 {[%clk 00:04:38]} {[%emt 00:01:08]} Rad8 {[%clk 00:02:35]} {[%emt
00:03:48]} 32. Nf7+ {[%clk 00:04:14]} {[%emt 00:00:54]} Rxf7 {[%clk 00:03:01]}
{[%emt 00:00:05]} 33. Rxd8+ {[%clk 00:04:32]} {[%emt 00:00:11]} Qxd8 {[%clk
00:03:25]} {[%emt 00:00:05]} 34. Qf3 {[%clk 00:03:02]} {[%emt 00:02:00]} Bg7
{[%clk 00:02:53]} {[%emt 00:01:03]} 35. Qe2 {[%clk 00:03:14]} {[%emt 00:00:17]}
Rf8 {[%clk 00:03:22]} {[%emt 00:00:02]}  0-1